Electric Machines (Record no. 195916)

MARC details
000 -LEADER
fixed length control field 00391nam a2200145Ia 4500
008 - FIXED-LENGTH DATA ELEMENTS--GENERAL INFORMATION
fixed length control field 230714s9999 xx 000 0 und d
041 ## - LANGUAGE CODE
Language code of text/sound track or separate title eng
082 ## - DEWEY DECIMAL CLASSIFICATION NUMBER
Classification number 621.313
Item number KOT
100 ## - MAIN ENTRY--PERSONAL NAME
Personal name Kothari D.P.
9 (RLIN) 126050
245 ## - TITLE STATEMENT
Title Electric Machines
260 ## - PUBLICATION, DISTRIBUTION, ETC. (IMPRINT)
Name of publisher, distributor, etc. Tata Mc-graw Hill Pub.
365 ## - TRADE PRICE
Currency code Rs.
Price amount 250.00
700 ## - ADDED ENTRY--PERSONAL NAME
Personal name Kothari D.P. & Nagrath I.J.
9 (RLIN) 185647
906 ## - LOCAL DATA ELEMENT F, LDF (RLIN)
d B:47111-Dec-2008
c SS
b 275

No items available.